| 000 | 00482nab a2200145Ia 4500 | ||
|---|---|---|---|
| 003 | ES-SlBCS | ||
| 005 | 20210601125453.0 | ||
| 008 | 140529s1985-86 xxu||||| |||| 00| 0 eng d | ||
| 041 | _aeng | ||
| 100 | 1 |
_aStern, Paul _9159033 |
|
| 245 | 0 | 4 |
_aThe Problem of History and Temporality in Kantian Ethics _c Paul Stern |
| 600 | 1 | 4 |
_aKant, Immanuel _d, 1724-1804 _xCrítica e interpretación _9103752 |
| 773 | 0 |
_tReview of Methaphysics _gvol. 39, 1985-86, págs. 505-546 _wRev843 |
|
| 942 | _cAR | ||
| 999 |
_c530861 _d530861 |
||